NUTRITION & BIOCHEMISTRY FOR NURSES (Record no. 2087)

MARC details
000 -LEADER
fixed length control field 00355nam a2200145Ia 4500
008 - FIXED-LENGTH DATA ELEMENTS--GENERAL INFORMATION
fixed length control field 150201s2009 xx 000 0 und d
082 ## - DEWEY DECIMAL CLASSIFICATION NUMBER
Classification number 612.3
Item number N09A
100 ## - MAIN ENTRY--PERSONAL NAME
Personal name ANTHIKAD , JACOB
245 ## - TITLE STATEMENT
Title NUTRITION & BIOCHEMISTRY FOR NURSES
250 ## - EDITION STATEMENT
Edition statement 1ST
260 ## - PUBLICATION, DISTRIBUTION, ETC. (IMPRINT)
Name of publisher, distributor, etc. JAYPEE
Place of publication, distribution, etc. DELHI
Date of publication, distribution, etc. 2009
300 ## - PHYSICAL DESCRIPTION
Extent 536
650 ## - SUBJECT ADDED ENTRY--TOPICAL TERM
Topical term or geographic name as entry element NUTRITON & DIET
942 ## - ADDED ENTRY ELEMENTS (KOHA)
Source of classification or shelving scheme Dewey Decimal Classification
Koha item type Books
Koha issues (borrowed), all copies 12
Holdings
Withdrawn status Lost status Source of classification or shelving scheme Damaged status Not for loan Collection code Home library Current library Shelving location Date acquired Source of acquisition Cost, normal purchase price SGTU Bill Number Total Checkouts Full call number Barcode Date last seen Date last checked out Bill Date Koha item type Checked out Total Renewals
    Dewey Decimal Classification     NURSING SGT Medical Library SGT Medical Library Text Book 28/01/2013 NBM DELHI 325.00 SGTU 1345 8 612.3 N09A FN814 21/11/2024 07/11/2024 28/01/2013 Books    
    Dewey Decimal Classification     NURSING SGT Medical Library SGT Medical Library Text Book 28/01/2013 NBM DELHI 325.00 SGTU 1345 10 612.3 N09A FN815 28/05/2026 28/05/2026 28/01/2013 Books 11/06/2026  
    Dewey Decimal Classification     NURSING SGT Medical Library SGT Medical Library Text Book 28/01/2013 NBM DELHI 325.00 SGTU 1345 18 612.3 N09A FN816 13/04/2026 30/03/2026 28/01/2013 Books   1